Svaz sovětských socialistických republik

Hlavní autor: Kuchař, Karel, 1906-1975
Korporativní autor: Státní nakladatelství učebnic (Praha, Česko)
Další autoři: Hůla, Josef, 1897-1972, Státní zeměměřický a kartografický ústav
Jazyk: Čeština
Vydáno: V Praze : Státní nakladatelství učebnic, závod Komenium, 1950
Témata:
Externí odkaz: Digitalizovaný dokument
Fyzický popis: 1 mapa na 4 listech : barev. ; 132 x 107 cm, listy 79 x 120 cm
Mapy
Uloženo v:
LEADER 01629nem a2200361 a 4500
001 001267209
003 CZ BrMZK
005 20180831115118.0
007 aj|canzn
008 111208s1950 xr cg a 0| cze d
034 1 |a a  |b 5000000  |d W0091620  |e W1680526  |f N0844613  |g N0240736 
040 |a BOA001  |b cze 
043 |a e-ur---  |2 czenas 
072 7 |a 913  |x Regionální geografie  |2 Konspekt  |9 7 
072 7 |a 912  |x Mapy. Atlasy. Glóby  |2 Konspekt  |9 7 
080 |a (47+57)  |2 MRF 
080 |a (084.3)  |2 MRF 
080 |a (084.3)371.673  |2 MRF 
100 1 |a Kuchař, Karel,  |d 1906-1975  |7 jk01070727  |4 ctg 
245 1 0 |a Svaz sovětských socialistických republik  |h [kartografický dokument] /  |c zpracovali Kar. Kuchař a Jos. Hůla 
255 |a Měřítko 1:5 000 000 ;  |b Breusingova vyrovnávací azimutální metoda  |c (009°16´20" z.d.--168°05´26" z.d./084°46´13" s.š.--024°07´36" s.š.) 
260 |a V Praze :  |b Státní nakladatelství učebnic, závod Komenium,  |c 1950  |f (Státní zeměměřický a kartografický ústav v Praze) 
300 |a 1 mapa na 4 listech :  |b barev. ;  |c 132 x 107 cm, listy 79 x 120 cm 
651 7 |a Sovětský svaz  |7 ge128583  |2 czenas 
655 4 |a obecně zeměpisné mapy 
655 7 |a školní mapy  |7 fd133894  |2 czenas 
700 1 |a Hůla, Josef,  |d 1897-1972  |7 jo2007270913  |4 ctg 
710 2 |a Státní nakladatelství učebnic (Praha, Česko)  |4 pbl 
710 2 |a Státní zeměměřický a kartografický ústav  |4 prt 
856 4 1 |u http://www.digitalniknihovna.cz/mzk/uuid/uuid:98080175-a757-4cdc-a2e5-d031bf646d4f  |y Digitalizovaný dokument 
910 |a BOA001  |b Mpa-0287.306 
990 |a MP 
991 |b 201211